1594 1696 1455 1703 1502 1215 1437 1703 1561 1994 1540 1070 1582 1192 1270 1481 1153 1697 1141 1339 1873 1160 1679 1962 1365 1783 1879 1835 1267 1765 1047 1402 1424 1809 1500 1208 1702 1683 1232 1621 1599 1502 1256 1938 1363 1060 1948 1612 1563 1937 1569 1434 1514 1652 1761 1342 1675 1837 1181 1454 1475 1957 1978 1795 1990 1602 1876 1828 1153 1135 1752 1273 1322 1358 1884 1049 1326 1783 1574 1845 1309 1120 1483 1575 1428 1550 1187 1607 1933 1013 1777 1175 1067 1408 1536 1204 1698 1029 1273 BCNSPRNW ULIB Ver.6.0+V

เปลี่ยนเป็นภาษาไทย

Change to English
 แสดงรายละเอียดบรรณานุกรม
  กลับหน้าหลัก

Brief Record : Get Marc (ISO 2709) : E-mail record : QR code < ปิดหน้าต่าง
LEADER : 00000nam 2200000uu 4500
001    13399113639
003     ULIB
008    111209s2543||||th 000 0 tha d
020    ^a9746112813(ล.2)
060  4 ^aWA100^bม226ส ล.2 2543
110 1  ^aมหาวิทยาลัยสุโขทัยธรรมาธิราช^bสาขาวิชาวิทยาศาสตร์สุขภาพ
245 00 ^aเอกสารการสอนชุดวิชา สุขภาพส่วนบุคคลและชุมชน หน่วยที่ 8-15=^bPersonal and community health/^cประธาน สมทรง อินสว่าง
246 31 ^aPersonal and community health
250    ^aพิมพ์ครั้งที่ 12
260    ^aนนทบุรี:^bศูนย์หนังสือมหาวิทยาลัยสุโขทัยธรรมาธิราช,^c2543
300    ^a598 หน้า
650  7 ^aอนามัยชุมชน
650  7 ^aโรค^xการป้องกันและรักษา
700 0  ^aกิตติ วัฒนกุล,^eบรรณาธิการ
710 2  ^aมหาวิทยาลัยสุโขทัยธรรมาธิราช^bสาขาวิชาวิทยาศาสตร์สุขภาพ
945    ^p0^l0^i10471
945    ^p0^l0^i10474
945    ^p0^l0^i10473
945    ^p0^l0^i14687
945    ^p0^l0^i14685
945    ^p0^l0^i14686
945    ^p0^l0^i10472
995    ^aกัณชพร
999    ^aใช้งานได้ทุกระบบ
รายการนี้ยังไม่มีแท็ก
คุณยังไม่ได้ล็อกอิน คุณสามารถมีกิจกรรมร่วมกับเว็บไซต์ได้ แต่ต้องล็อกอินก่อน ::
  ล็อกอิน

รายการสื่อสารสนเทศ

ลำดับที่ ประเภท เลขเรียก/บาร์โค้ด สถานที่ สถานะ
- ไม่พบข้อมูล -

รายการใกล้เคียง
    หัวเรื่อง [อนามัยชุมชน]

BibComment


ยังไม่เคยถูกคอมเมนท์

คอมเมนท์ทรัพยากรรายการนี้
  คอมเมนท์: เอกสารการสอนชุดว..


 Copyright 2026. Bcnsprnw @Library